000 00798cam a2200229 4500
001 ABS65292
008 020328n2002 000 0 eng u
035 _a(Sirsi) u117276
100 _aEpstein, D.
245 2 _aA unit of measurement that doesn't measure up
260 _c2002
490 _aEstates Gazette
_v(0211) 16 March 2002, 146(1)
520 _aArgues that using the true equivalent yeild when analysing the prospective performance of investment property does not provide useful information and could even be misleading.
590 _aABS
650 _aTRUE EQUIVALENT YIELD
650 _aINVESTMENT PROPERTY
650 _aINVESTMENT PRICING
650 _aEQUIVALENT YIELD
650 _aVALUATION METHODS
690 _aPROPERTY-PROPERTY APPRAISAL AND VALUATION
942 _n0
999 _c69865
_d69865